| 000 | 00487nam a2200181Ia 4500 | ||
|---|---|---|---|
| 003 | LDD | ||
| 008 | 181029s9999 xx 000 0 und d | ||
| 020 |
_a1591407893 _cUS _825.00 |
||
| 040 | _cLDD | ||
| 245 | 0 | _aEncyclopedia of digital government | |
| 260 |
_aHershey _bIdea _c2007 |
||
| 300 | _a3v | ||
| 365 |
_bUS _825.00 |
||
| 901 |
_a3530 _b24-11-2006 |
||
| 902 |
_a11441 _b28-11-2006 _cF _dGBH _e35 |
||
| 903 |
_aDiscount-10 _bReqst by : Varadarajan, A |
||
| 942 |
_2ddc _cBK |
||
| 999 |
_c76751 _d76751 |
||